<?xml version="1.0" encoding="UTF-8"?>
<collection xmlns="http://www.loc.gov/MARC21/slim">
 <record>
  <leader>00770nam a22002055a 4500</leader>
  <controlfield tag="001">EEA.libagro007781</controlfield>
  <controlfield tag="005">20180418112640.0</controlfield>
  <controlfield tag="008">130809s2006####ag#a##########000#0#spa#d</controlfield>
  <datafield tag="020" ind1=" " ind2=" ">
   <subfield code="a">9875212008</subfield>
  </datafield>
  <datafield tag="082" ind1="0" ind2="4">
   <subfield code="a">631.478272</subfield>
  </datafield>
  <datafield tag="100" ind1="1" ind2=" ">
   <subfield code="a">Ferrer, José A.</subfield>
  </datafield>
  <datafield tag="245" ind1="1" ind2="0">
   <subfield code="a">Suelos de la provincia del Neuquén /</subfield>
   <subfield code="c">José A. Ferrer, Jorge A. Irisarri, Juan M. Mendia.</subfield>
  </datafield>
  <datafield tag="260" ind1=" " ind2=" ">
   <subfield code="a">Buenos Aires :</subfield>
   <subfield code="b">INTA :</subfield>
   <subfield code="b">Consejo Federal de Inversiones,</subfield>
   <subfield code="c">2006.</subfield>
  </datafield>
  <datafield tag="300" ind1=" " ind2=" ">
   <subfield code="a">224 p. :</subfield>
   <subfield code="b">il. ;</subfield>
   <subfield code="c">28 cm. +</subfield>
   <subfield code="e">1 CD.</subfield>
  </datafield>
  <datafield tag="651" ind1=" " ind2="7">
   <subfield code="a">Neuquén (Provincia)</subfield>
  </datafield>
  <datafield tag="700" ind1="1" ind2=" ">
   <subfield code="a">Irisarri, Jorge A.</subfield>
  </datafield>
  <datafield tag="700" ind1="1" ind2=" ">
   <subfield code="a">Mendia, Juan M.</subfield>
  </datafield>
  <datafield tag="710" ind1="2" ind2=" ">
   <subfield code="a">Instituto Nacional de Tecnología Agropecuaria (Argentina)</subfield>
  </datafield>
  <datafield tag="710" ind1="2" ind2=" ">
   <subfield code="a">Consejo Federal de Inversiones (Argentina)</subfield>
  </datafield>
  <datafield tag="859" ind1=" " ind2=" ">
   <subfield code="a">AR-BbBCA</subfield>
   <subfield code="b">BIB. AGRONOMIA</subfield>
   <subfield code="h">631.478272</subfield>
   <subfield code="i">F385-1</subfield>
   <subfield code="p">2007/5170</subfield>
  </datafield>
 </record>
</collection>
